000 00308nam a22001457a 4500
999 _c10409
_d10409
003 OSt
005 20210223163633.0
008 210223b ||||| |||| 00| 0 eng d
040 _cDDC
050 _bC951S
082 _a220.6
_bC951S
100 _aCross, John R.
245 _aThe Stranger
942 _2ddc
_cBK